000 00576nam a2200217 a 4500
001 BRCA_5723
005 20190320205207.0
008 030311s1933----nyu#######---#000-0#ger-#
041 _ager
044 _anyu
050 4 _aDS143
_b.J45 1933
100 1 _aJelenko, Eduard W.
_914525
245 1 0 _aJuden hass-menschenhass
_cEduard W. Jelenko.
260 _aNueva York
_bEast end Printing
_c1933
300 _a30 p.
_c22 cm.
500 _aEstado fĂ­sico: presenta tapas desprendidas
500 _aH43
650 1 4 _aJudios alemanes
_914526
902 _aGFM
942 _2lcc
_cB
999 _c5413
_d5413